| 000 | 00533ntaaa2200193 4500 | ||
|---|---|---|---|
| 003 | 01 | ||
| 005 | 20251027200708.0 | ||
| 008 | 0714s1973 ag 01 | ||
| 040 |
_aAR-BaBN _bspa _cAR-BaBN _eaacr _dRIC |
||
| 082 | _a230.09 W67d | ||
| 100 | _aWiles, Maurice | ||
| 245 |
_aDel evangelio al dogma; evolución doctrinal de la Iglesia antigua / _cMaurice Wiles |
||
| 250 | _a1 ed. | ||
| 260 |
_aMadrid : _bCristiandad, _c1974 |
||
| 300 | _a157 p | ||
| 650 | _aTeologia-Historia | ||
| 650 |
_aHistoria de las Doctrinas _91232 |
||
| 942 | _cBK | ||
| 999 |
_c1435 _d1435 |
||